header

The modern endowment allocation model (Record no. 245820)

MARC details
000 -LEADER
fixed length control field 01451nam a2200349 a 4500
100 1# - MAIN ENTRY--AUTHOR NAME
Personal name Leibowitz, Martin L.,
245 14 - TITLE STATEMENT
Title The modern endowment allocation model
260 ## - PUBLICATION, DISTRIBUTION, ETC. (IMPRINT)
Place of publication Hoboken, N.J. :
Name of publisher John Wiley & Sons,
Year of publication 2010.
300 ## - PHYSICAL DESCRIPTION
Number of Pages p. 3-18.
490 0# - SERIES STATEMENT
Series statement Wiley investing
500 ## - GENERAL NOTE
General note "A Wiley Global Finance executive selection."
General note "Derived from: Leibowitz, Martin L. The endowment model of investing : return, risk, and diversification. Hoboken, N.J. : John Wiley & Sons, 2010."
650 #0 - SUBJECT ADDED ENTRY--TOPICAL TERM
Topical Term Investments.
700 1# - ADDED ENTRY--PERSONAL NAME
Personal name Bova, Anthony.
Personal name Hammond, Brett P.
856 40 - ELECTRONIC LOCATION AND ACCESS
Uniform Resource Identifier http://site.ebrary.com/lib/rucke/Doc?id=10441371

No items available.

© 2026 Rongo University
Contact us: librarian | system librarian | Rongo university